000 00274nam a2200121Ia 4500
008 190216s9999||||xx |||||||||||||| ||und||
100 _aMukhi K H
245 0 _aPrinciples Of Corporation Finance
260 _bNull
_c1960
300 _a428p
650 _aCommerce
942 _cBK
999 _c4793
_d4793